| 000 | 00500nad a22001811nc4500 | ||
|---|---|---|---|
| 001 | a987667918+Band2 | ||
| 003 | RU-10907106 | ||
| 005 | 20221125124514.0 | ||
| 008 | 181120s2013 gw |||| 000u ger d | ||
| 020 |
_a9783835312678 _9978-3-8353-1267-8 |
||
| 035 | _aa987667918 | ||
| 040 |
_cRU-10907106 _aRU-10907106 _bger |
||
| 245 | 0 | 0 |
_aTagebücher _nBand 2 _p1892-1897 _p |
| 264 | 1 |
_aGöttingen : _bWallstein Verlag, _c2013 |
|
| 300 | _a717 Seiten | ||
| 773 | 0 | 8 |
_wa987667918 _qBand2 |
| 942 |
_cMG _2z |
||
| 999 |
_c51826 _d51826 |
||